00686nam a2200157 a 450000100100000000500170001000800410002704000250006808200200009311101000011324501010021326000860031430000280040065000590042870000410048700000712320200929154055.0090904s2000 dr ac 000 0 spa d aDO-SdBNPbspacBNPHU a379.7293bC749n2 aCongreso nacional de educación cooperativan1er.d2000cSanto Domingo, República Dominicana10aHacia una educación cooperativa de calidad /ccoordinación y edición Claudio Lugo Pérez. aSanto Domingo :bEscuela Nacional de Educación Cooperativista (ENECOOP),c2000. a149 p. :bil. ;c21 cm. 4aEducación cooperativaxCongresos, conferencias, etc.1 aLugo Pérez, Claudio,ecoord. y ed.